000 00445nam a22001697a 4500
005 20251108164301.0
008 250721s1966 xx 000 0 ara d
082 1 4 _a811.4/فرز
100 1 _aالفرزدق،
245 1 0 _aديوان الفرزدق /
264 1 _aبيروت :
_bدار صادر،
_c1966.
300 _a
650 1 7 _aالشعر العربي
650 1 7 _aالعصر الأموي
942 _2ddc
_cREF
999 _c8322
_d8322